Eastern Utah Libraries Catalog: Duchesne, Heber, Roosevelt, & Vernal

The Berenstain Bears' let's talk about money / (Record no. 415266)

MARC details
000 -LEADER
fixed length control field 02447cam a2200385 i 4500
001 - CONTROL NUMBER
control field 1395910135
005 - DATE AND TIME OF LATEST TRANSACTION
control field 20260114171501.0
008 - FIXED-LENGTH DATA ELEMENTS--GENERAL INFORMATION
fixed length control field 230831s2023 nyua b 000 1 eng d
020 ## - INTERNATIONAL STANDARD BOOK NUMBER
International Standard Book Number 9780593652084
040 ## - CATALOGING SOURCE
Original cataloging agency CCPLG
Language of cataloging eng
Description conventions rda
Transcribing agency CCPLG
Modifying agency YDX
-- OCLCO
-- JTH
-- CNNWP
-- FQW
092 ## - LOCALLY ASSIGNED DEWEY CALL NUMBER (OCLC)
Classification number children nonfiction
Item number Berenstain
100 1# - MAIN ENTRY--PERSONAL NAME
Personal name Berenstain, Stan,
Dates associated with a name 1923-2005,
Relator term author,
-- illustrator.
245 14 - TITLE STATEMENT
Title The Berenstain Bears' let's talk about money /
Statement of responsibility, etc Stan & Jan Berenstain.
246 3# - VARYING FORM OF TITLE
Title proper/short title Let's talk about money.
264 #1 - Production, Publication, Distribution, Manufacture, and Copyright Notice.
Place of production, publication, distribution, manufacture New York :
Name of producer, publisher, distributor, manufacturer Random House,
Date of production, publication, distribution, manufacture, or copyr [2023]
264 #4 - Production, Publication, Distribution, Manufacture, and Copyright Notice.
Place of production, publication, distribution, manufacture Random House,
Name of producer, publisher, distributor, manufacturer New York :
Date of production, publication, distribution, manufacture, or copyr 2023.
300 ## - PHYSICAL DESCRIPTION
Extent 1 volume (unpaged) :
Other physical details color illustrations ;
Dimensions 21 cm.
336 ## - Content Type
Content type term text
336 ## - Content Type
Content type term still image
337 ## - Media type
Media type term unmediated
338 ## - Carrier type
Carrier type term volume
500 ## - GENERAL NOTE
General note "2 books in 1!"--Cover.
500 ## - GENERAL NOTE
General note "The Berenstain Bears' Classics"--Cover.
500 ## - GENERAL NOTE
General note The stories in this collection were originally published separately in the United States by Random House Children's Books in 1983 and 1991.
505 0# - FORMATTED CONTENTS NOTE
Formatted contents note The Berenstain Bears' trouble with money -- The Berenstain Bears' dollars and sense.
520 ## - SUMMARY, ETC.
Summary, etc "Help children learn about money with this storybook featuring two bestselling Berenstain Bears stories in one book! Featuring The Berenstain Bears Trouble with Money and The Berenstain Bears Dollars and Sense, this full-color storybook is the perfect addition to your Berenstain Bears collection! The Berenstain Bears Trouble with Money: Mama and Papa are worried that Brother and Sister seem to think money grows on trees. To make money of their own, the cubs decide to start their very own businesses, from a lemonade stand to a pet-walking service! The Berenstain Bears Dollars and Sense: Papa thinks it's time to teach Brother and Sister how to budget their money, but will the cubs come to understand the value of a dollar, or will their pockets continue to be empty?" -- ONIX annotation.
650 #0 - SUBJECT ADDED ENTRY--TOPICAL TERM
Topical term or geographic name as entry element Berenstain Bears (Fictitious characters)
Form subdivision Juvenile fiction.
9 (RLIN) 5674154
650 #0 - SUBJECT ADDED ENTRY--TOPICAL TERM
Topical term or geographic name as entry element Bears
Form subdivision Juvenile fiction.
9 (RLIN) 5674588
650 #0 - SUBJECT ADDED ENTRY--TOPICAL TERM
Topical term or geographic name as entry element Money
Form subdivision Juvenile fiction.
9 (RLIN) 6365389
650 #0 - SUBJECT ADDED ENTRY--TOPICAL TERM
Topical term or geographic name as entry element Finance, Personal
Form subdivision Juvenile fiction.
9 (RLIN) 6441735
650 #0 - SUBJECT ADDED ENTRY--TOPICAL TERM
Topical term or geographic name as entry element Moneymaking projects
Form subdivision Juvenile fiction.
9 (RLIN) 5675695
655 #7 - INDEX TERM--GENRE/FORM
Genre/form data or focus term Picture books.
Source of term lcgft.
700 1# - ADDED ENTRY--PERSONAL NAME
Personal name Berenstain, Jan,
Dates associated with a name 1923-2012,
Relator term author,
-- illustrator.
942 ## - ADDED ENTRY ELEMENTS (KOHA)
Source of classification or shelving scheme Dewey Decimal Classification
Koha item type BOOK
Holdings
Withdrawn status Lost status Source of classification or shelving scheme Damaged status Not for loan Collection code Home library Current library Shelving location Date acquired Source of acquisition Total Checkouts Full call number Barcode Date last seen Date checked out Cost, replacement price Price effective from Koha item type
    Dewey Decimal Classification     Children NonFiction Wasatch County Library Wasatch County Library Main Floor Childrens Area 01/14/2026 Libraria 1 E Math Berenstain 34301002177188 01/26/2026 01/20/2026 16.95 01/14/2026 BOOK
This project was made possible through a grant from the Institute of Museum and Library Service administered by the Utah State Library Division.

Wasatch County Library

  • 465 East 1200 South, Heber City, Utah 84032
  • Phone 435-654-1511 | Fax 435-654-6456

Hours

  • Monday - Friday 9:30 AM - 8:00 PM
  • Saturday 9:30 AM - 1:30 PM
  • Closed Sundays and Holidays